Breviario para ciudadanos libres / (Record no. 15290)

MARC details
000 -LEADER
campo de control de longitud fija 00760nam a2200241 i 4500
001 - NÚMERO DE CONTROL
campo de control 15290
003 - IDENTIFICADOR DE NÚMERO DE CONTROL
campo de control ES-MaACL
005 - FECHA Y HORA DE LA ÚLTIMA TRANSACCIÓN
campo de control 20230906151033.0
007 - CAMPO FIJO DE DESCRIPCIÓN FÍSICA--INFORMACIÓN GENERAL
campo de control de longitud fija t|
008 - DATOS DE LONGITUD FIJA--INFORMACIÓN GENERAL
campo de control de longitud fija 000211s1999 sp ||||1| spa d
020 ## - NÚMERO INTERNACIONAL ESTÁNDAR DEL LIBRO
Número Internacional Estándar del Libro 84-8307-229-7
080 ## - NÚMERO DE LA CLASIFICACIÓN DECIMAL UNIVERSAL
Número de la Clasificación Decimal Universal 821.111(73)-82"18"
100 1# - ENTRADA PRINCIPAL--NOMBRE DE PERSONA
Nombre de persona Thoreau, Henry David.
9 (RLIN) 110134
245 10 - MENCIÓN DEL TÍTULO
Título Breviario para ciudadanos libres /
Mención de responsabilidad, etc. Henry David Thoreau ; selección, traducción, presentación y apéndice de Mauricio Bach.
250 ## - MENCION DE EDICION
Mención de edición 1ª ed.
260 ## - PUBLICACIÓN, DISTRIBUCIÓN, ETC.
Lugar de publicación, distribución, etc. Barcelona :
Nombre del editor, distribuidor, etc. Península,
Fecha de publicación, distribución, etc. 1999.
300 ## - DESCRIPCIÓN FÍSICA
Extensión 116 p. ;
Dimensiones 17 cm.
490 1# - MENCIÓN DE SERIE
Mención de serie Nuestros contemporáneos ;
Designación de volumen o secuencia 18
700 1# - ENTRADA AGREGADA--NOMBRE PERSONAL
Nombre de persona Bach, Mauricio.
9 (RLIN) 24458
830 1# - PUNTO DE ACCESO ADICIONAL DE SERIE-TÍTULO UNIFORME
Título uniforme Nuestros contemporáneos ;
Designación de volumen o secuencia 18
9 (RLIN) 179986
852 ## - LOCALIZACIÓN
Ubicación ES-MaACL
Número de control de estantería L-22563
Holdings
Estatus retirado Estado de pérdida Estado de daño No para préstamo Biblioteca de origen Biblioteca actual Ubicación en estantería Fecha de adquisición Fuente de adquisición Total de préstamos Signatura topográfica completa Código de barras Visto por última vez Precio de reemplazo Tipo de ítem Koha
        Biblioteca del Ateneo de Madrid Biblioteca del Ateneo de Madrid Depósito 2 17/01/2008     L-22563 1015547 23/02/2023 23/02/2023 Libro impreso